Central Library OPAC University of Rajshahi

Ecology of inland waters and estuaries / (Record no. 72279)

MARC details
000 -LEADER
fixed length control field 00784nam a2200253 4500
001 - CONTROL NUMBER
control field 72279
003 - CONTROL NUMBER IDENTIFIER
rucl marc code BD-RjUL
005 - DATE AND TIME OF LATEST TRANSACTION
control field 20211209082236.0
008 - FIXED-LENGTH DATA ELEMENTS--GENERAL INFORMATION
fixed length control field 170516s1961 nyua b 001 0 eng d
035 ## - SYSTEM CONTROL NUMBER
System control number (BD-RjUL)72496
040 ## - CATALOGING SOURCE
Original cataloging agency DLC
Transcribing agency DLC
Modifying agency UKM
-- BD-RjUL
Language of cataloging eng
041 ## - LANGUAGE CODE
Language code of text/sound track or separate title eng
082 ## - DEWEY DECIMAL CLASSIFICATION NUMBER
Classification number 577.6
Edition number 23
Author mark and year REE 1961
100 1# - MAIN ENTRY--PERSONAL NAME
Personal name Reid, George Kell.
9 (RLIN) 213720
245 10 - TITLE STATEMENT
Title Ecology of inland waters and estuaries /
Statement of responsibility, etc. George Kell Reid
260 ## - PUBLICATION, DISTRIBUTION, ETC. (IMPRINT)
Place of publication, distribution, etc. New York :
Name of publisher, distributor, etc. Reinhold,
Date of publication, distribution, etc. 1961
300 ## - PHYSICAL DESCRIPTION
Pagination XI, 375 p. :
Illustrations ill. ;
Size 24 cm.
490 1# - SERIES STATEMENT
Series statement Reinhold books in the biological sciences
504 ## - BIBLIOGRAPHY, ETC. NOTE
Bibliography, etc Includes bibliography and Index
650 ## - SUBJECT ADDED ENTRY--TOPICAL TERM
Source of heading or term Freshwater ecology
Topical term or geographic name as entry element Aquatic ecology
9 (RLIN) 156684
830 #0 - SERIES ADDED ENTRY--UNIFORM TITLE
Uniform title Reinhold books in the biological sciences
942 ## - ADDED ENTRY ELEMENTS (KOHA)
Source of classification or shelving scheme Dewey Decimal Classification
Koha item type Books
Holdings
Lost status Source of classification or shelving scheme Damaged status Not for loan Collection code Permanent Location Current Location Shelving location Date acquired Source of acquisition Cost, normal purchase price Total Checkouts Full call number Date last seen Copy number Koha item type
  Dewey Decimal Classification   Not For Loan Non-fiction Central Library, University of Rajshahi Central Library, University of Rajshahi Reading Room 11/10/1965 Zeitlinger 64.00   577.6 REE 1961 16/05/2017 C-1 Books
  Dewey Decimal Classification     Non-fiction Central Library, University of Rajshahi Central Library, University of Rajshahi   11/10/1965 Zeitlinger 64.00   577.6 REE 1961 16/05/2017 C-2 Books
  Dewey Decimal Classification     Non-fiction Central Library, University of Rajshahi Central Library, University of Rajshahi   06/12/1967 Dhaka, Paragon Enterprises Ltd 8.50   577.6 REE 1961 16/05/2017 C-3 Books